000 01106nam a22003257i 4500
001 B-12590
003 CO-BoFNCP
007 t||
008 090911s2006 ck r spa d
040 _aCO-BoFNCP
_bspa
_cCO-BoFNCP
_erda
041 _aspa
043 _ack
084 _aA-
100 1 _aRocha S., Pedro J.
_939053,
_eautor.
_4aut
245 1 0 _aCaracterización molecular preliminar de materiales comerciales de palma de aceite presentes en Colombia.
264 4 _c©2006
300 _apáginas 1-4 :
_bTablas, gráficos, fotografías.
336 _atexto
_btxt
_2rdacontent
337 _asin mediación
_bn
_2rdamedia
338 _avolumen
_bnc
_2rdacarrier
504 _aIncluye referencias bibliográficas.
650 0 _aMateriales comerciales
_933730.
650 0 _aPalma de aceite
_937678.
700 1 _aSuárez G., Sandra R.
_941850.
710 1 _aCorporación Centro de Investigación en Palma de Aceite, Cenipalma [Colombia]
_936971.
773 0 _aCeniavances (Colombia)
_gNo. 141 (Septiembre 2006), p.1-4
_wA-
_x0123-8353
942 _2z
_c1
999 _c26562
_d26562
999 _z1